La obra pictórica de Fra Angélico / (Record no. 180599)

MARC details
000 -LEADER
campo de control de longitud fija 00833nam a2200253 i 4500
001 - NÚMERO DE CONTROL
campo de control 180599
003 - IDENTIFICADOR DE NÚMERO DE CONTROL
campo de control ES-MaACL
005 - FECHA Y HORA DE LA ÚLTIMA TRANSACCIÓN
campo de control 20230906221137.0
008 - DATOS DE LONGITUD FIJA--INFORMACIÓN GENERAL
campo de control de longitud fija 120615 1972 sp af |||| |b
080 ## - NÚMERO DE LA CLASIFICACIÓN DECIMAL UNIVERSAL
Número de la Clasificación Decimal Universal 75Angelico, fra
100 0# - ENTRADA PRINCIPAL--NOMBRE DE PERSONA
Nombre de persona Angelico
Títulos y otros términos asociados al nombre fra.
9 (RLIN) 150607
245 13 - MENCIÓN DEL TÍTULO
Título La obra pictórica de Fra Angélico /
Mención de responsabilidad, etc. introducción de Elsa Morante ; biografía y estudios críticos de Umberto Baldini.
260 ## - PUBLICACIÓN, DISTRIBUCIÓN, ETC.
Lugar de publicación, distribución, etc. Barcelona :
Nombre del editor, distribuidor, etc. Noguer,
Fecha de publicación, distribución, etc. [1972] (
Fabricante Rizzoli)
300 ## - DESCRIPCIÓN FÍSICA
Extensión 119 p. :
Otras características físicas il. col. y n. ;
Dimensiones 32 cm.
490 1# - MENCIÓN DE SERIE
Mención de serie Clásicos del arte ;
Designación de volumen o secuencia 26
500 ## - NOTA GENERAL
Nota general Índices.
504 ## - NOTA DE BIBLIOGRAFÍA, ETC.
Nota de bibliografía, etc. Bibliografía: p. 82.
600 17 - PUNTO DE ACCESO ADICIONAL DE MATERIA--NOMBRE DE PERSONA
Nombre de persona Angelico
Títulos y otros términos asociados al nombre fra.
9 (RLIN) 150607
700 1# - ENTRADA AGREGADA--NOMBRE PERSONAL
Nombre de persona Morante, Elsa.
9 (RLIN) 83142
700 1# - ENTRADA AGREGADA--NOMBRE PERSONAL
Nombre de persona Baldini, Umberto.
9 (RLIN) 150608
830 0# - PUNTO DE ACCESO ADICIONAL DE SERIE-TÍTULO UNIFORME
Título uniforme Clásicos del arte ;
Designación de volumen o secuencia 26
9 (RLIN) 191252
852 ## - LOCALIZACIÓN
Ubicación ES-MaACL
Número de control de estantería L-31061
Holdings
Estatus retirado Estado de pérdida Estado de daño No para préstamo Biblioteca de origen Biblioteca actual Ubicación en estantería Fecha de adquisición Fuente de adquisición Total de préstamos Signatura topográfica completa Código de barras Visto por última vez Precio de reemplazo Tipo de ítem Koha
        Biblioteca del Ateneo de Madrid Biblioteca del Ateneo de Madrid Depósito 2 15/06/2012     L-31061 1189770 23/02/2023 23/02/2023 Libro impreso